| 000 | 00371nam a22001457a 4500 | ||
|---|---|---|---|
| 020 | _a9789350141540 | ||
| 082 | _a621.384 GAU | ||
| 100 | _aGautam A.K | ||
| 245 | _aAntenna wave propagation and TV engineering | ||
| 260 |
_aNew Delhi India _bS.K.Kataria & Sons _c2011 |
||
| 300 |
_a490 _bP.B |
||
| 650 | _aAntenna theory | ||
| 700 | _aDr.A.K.Gautam | ||
| 942 | _cBK | ||
| 999 |
_c490571 _d490571 |
||